Oeuvres de Malebranche. (Record no. 158562)
[ view plain ]
| 000 -LEADER | |
|---|---|
| campo de control de longitud fija | 00944nam a22002175i 4500 |
| 001 - NÚMERO DE CONTROL | |
| campo de control | 158562 |
| 003 - IDENTIFICADOR DE NÚMERO DE CONTROL | |
| campo de control | ES-MaACL |
| 005 - FECHA Y HORA DE LA ÚLTIMA TRANSACCIÓN | |
| campo de control | 20250627063652.0 |
| 008 - DATOS DE LONGITUD FIJA--INFORMACIÓN GENERAL | |
| campo de control de longitud fija | 990212s1842 fr |||| | fre d |
| 100 1# - ENTRADA PRINCIPAL--NOMBRE DE PERSONA | |
| Nombre de persona | Malebranche, Nicolás de, |
| Fechas asociadas al nombre | 1638-1715 |
| 9 (RLIN) | 129377 |
| 245 10 - MENCIÓN DEL TÍTULO | |
| Título | Oeuvres de Malebranche. |
| Número de parte o sección de la obra | I. |
| 250 ## - MENCION DE EDICION | |
| Mención de edición | Nouvelle éd. collationnée sur les meilleurs textes, et précédée d'une introduction par Jules Simon. |
| 260 ## - PUBLICACIÓN, DISTRIBUCIÓN, ETC. | |
| Lugar de publicación, distribución, etc. | Paris : |
| Nombre del editor, distribuidor, etc. | Charpentier, |
| Fecha de publicación, distribución, etc. | 1842 ( |
| Fabricante | Béthune et Plon) |
| 300 ## - DESCRIPCIÓN FÍSICA | |
| Extensión | 1 v. ; |
| Dimensiones | 19 cm. |
| 505 8# - NOTA DE CONTENIDO CON FORMATO | |
| Nota de contenido con formato | Contiene: I. Première série: Entretiens métaphysiques ; Meditations ; Traité de l'amour de Dieu ; Entretien d'un philosophe chrétien et d'un philosophe chinois |
| 600 17 - PUNTO DE ACCESO ADICIONAL DE MATERIA--NOMBRE DE PERSONA | |
| Nombre de persona | Malebranche, Nicolás de, |
| Fechas asociadas al nombre | 1638-1715- |
| Subdivisión general | Obras atribuidas |
| Fuente del encabezamiento o término | |
| 9 (RLIN) | 129378 |
| 700 1# - ENTRADA AGREGADA--NOMBRE PERSONAL | |
| Nombre de persona | Simon, Jules, |
| Fechas asociadas al nombre | 1814-1896 |
| 9 (RLIN) | 224189 |
| 752 ## - ENTRADA AGREGADA--NOMBRE JERÁRQUICO DEL LUGAR | |
| País o entidad superior | Francia - |
| Ciudad | París |
| 852 ## - LOCALIZACIÓN | |
| Ubicación | ES-MaACL |
| Número de control de estantería | D-4901 |
| Nota libre | - Enc. hol. |
| Estatus retirado | Estado de pérdida | Estado de daño | No para préstamo | Colección | Biblioteca de origen | Biblioteca actual | Ubicación en estantería | Fecha de adquisición | Fuente de adquisición | Total de préstamos | Signatura topográfica completa | Código de barras | Visto por última vez | Precio de reemplazo | Tipo de ítem Koha |
|---|---|---|---|---|---|---|---|---|---|---|---|---|---|---|---|
| Libros del s. XIX | Biblioteca del Ateneo de Madrid | Biblioteca del Ateneo de Madrid | Sala Valle Inclán | 17/01/2008 | D-4901 | 901165962 | 23/02/2023 | 23/02/2023 | Libro impreso antiguo |
